| 000 | 00935nam a2200253 a 4500 | ||
|---|---|---|---|
| 001 | BRCA_4091 | ||
| 005 | 20190320204537.0 | ||
| 008 | 230210s1976----mx-a######---#000-0#spa-# | ||
| 041 | _aspa | ||
| 044 | _amx | ||
| 050 | 4 |
_aAM141 _b.M36 1976 |
|
| 245 | 1 | 0 |
_aManual de mantenimiento museográfico de colecciones en exhibición o en depósito _cdirección y redacción Miguel A. Madrid ; asesoramiento en conservación Sara Marcela Vieyra ; dibujos Santiago Aranguiz. |
| 260 |
_aMéxico _bDirección de Museos del INAH _c1976 |
||
| 300 |
_a73 p. _bil. _c28 cm. |
||
| 500 | _aEjemplar engargolado | ||
| 500 | _aPor política no se presta a domicilio | ||
| 650 | 1 | 4 |
_aMuseos _vManuales _xMétodos de conservación _9304 |
| 650 | 1 | 4 |
_aMuseos _vManuales _xMedidas de seguridad _9192 |
| 700 | 1 |
_aMadrid, Miguel A. _910593 |
|
| 700 | 1 |
_aVieyra, Sara Marcela _910594 |
|
| 700 | 1 |
_aAranguiz, Santiago _910595 |
|
| 902 | _aeng | ||
| 942 |
_2lcc _cB |
||
| 999 |
_c3813 _d3813 |
||